| 000 | 00989nac a22002291u 4500 | ||
|---|---|---|---|
| 008 | 100907t xxu||||| |||| 00| 0 eng d | ||
| 020 | _a0727715569 | ||
| 082 |
_a624.15136 _bPRE |
||
| 100 |
_a20080729 _918612 |
||
| 111 |
_aproceedings of the 3rd international symposium on pressuremeters on pressuremeters _cOxford, England _d 1990 _918613 |
||
| 245 |
_aPressuremeters : _bProceedings of the third International Symposium on Pressuremeters, organised by the British Geotechnical Society and held at Oxford ... 1990/ |
||
| 260 |
_aLondon : _b Thomas Telford, 1990. _c1990 |
||
| 300 |
_a427p.: _bill.; _c23 cm. |
||
| 500 | _adistributer: Al-Ahram | ||
| 504 | _aIncludes bibliographical references and indexes. | ||
| 511 | _acatalogued by: wessam | ||
| 650 |
_aengineering geology _918614 |
||
| 650 |
_aSoil penetration test _xCongresses. _97888 |
||
| 650 |
_aSoil mechanics _917962 |
||
| 710 |
_aBritish Geotechnical Society. _918615 |
||
| 942 |
_cBB _k624.15136 PRE _2ddc |
||
| 999 |
_c6510 _d6510 |
||